Washington square
| Main Author: | |
|---|---|
| Other Authors: | |
| Format: | Book |
| Language: | English |
| Published: |
New York
Oxford University Press
2001
|
| Series: | Oxford Bookworms Library
|
| Subjects: |
| LEADER | 00547cam a2200193 a 4500 | ||
|---|---|---|---|
| 001 | 0000132072 | ||
| 005 | 20120524090000.0 | ||
| 040 | |a mod | ||
| 041 | |a eng | ||
| 020 | |a 019423052X (pbk.) | ||
| 090 | 0 | 0 | |a FK |b JAM |e 2001 |
| 100 | 1 | |a James, Henry |d 1843-1916 | |
| 245 | 1 | 0 | |a Washington square |c Henry James |
| 260 | |a New York |b Oxford University Press |c 2001 | ||
| 300 | |a 88 p. |c 19 cm | ||
| 490 | 0 | |a Oxford Bookworms Library | |
| 650 | 0 | 0 | |a English fiction |
| 700 | 1 | |a McGovern, Kieran | |
| 999 | |a B000017779 |b IJED |d BOOKS |e Fiksyen (F) |f 4 DIV |j AVAILABLE |q GOOD CONDITION | ||